| 000 | 03278cam a2200793 a 4500 | ||
|---|---|---|---|
| 001 | 22712 | ||
| 003 | VRT | ||
| 005 | 20260421145925.0 | ||
| 008 | 230501s1976 xo fr 00101 slo | ||
| 015 | _aSNBA1977 | ||
| 020 | _q(viazané) | ||
| 035 | _aSNK000047603 | ||
| 035 | _a5548D2F2-33BF-4A02-B00A-398D7E18748B | ||
| 035 | _aurn:nbn:sk:snk-am00ij37 | ||
| 039 | 9 |
_a202305011917 _bAUTHORITY _c202305011909 _dAUTHORITY _c202305011817 _dVLOAD _c202304281418 _dVLOAD |
|
| 040 |
_aSNK _bslo _cSNK _eAACR2 |
||
| 041 | 0 | _aslo | |
| 044 |
_axo _cSK |
||
| 072 | 7 |
_a821.162.4.09 _xSlovenská literatúra (o nej) _2konspekt |
|
| 080 |
_a82(091):885.4(091)"09/17" _21981 |
||
| 080 |
_a885.4(091)"09/17" _21981 |
||
| 080 |
_a885.4-96 _21981 |
||
| 080 |
_a821.162.4 _22011 |
||
| 080 |
_a821.162.4-1 _22011 |
||
| 080 |
_a(048.8) _22011 |
||
| 100 | 1 |
_aKrčméry, Štefan, _d1892-1955 _4aut |
|
| 245 | 1 | 0 |
_aDejiny literatúry slovenskej 1 _cŠtefan Krčméry ; edične pripravili Ján Števček a Emília Nemsilová ; poznámky a vysvetlivky vyparoval Peter Liba ; štúdiu napísal Jozef Minárik |
| 250 | _a1. vyd. | ||
| 260 |
_aBratislava _bTatran _c1976 _eVimperk _fStráž |
||
| 300 |
_a331 strán _c21 cm |
||
| 366 | _e6500 výtl. | ||
| 490 | 1 |
_aOkno _vzv. 15 |
|
| 504 | _aObsahuje menný register | ||
| 648 | 7 |
_a10.-18. storočie _2SNKPH |
|
| 650 | 0 | 7 |
_aslovenská literatúra _2SNKPH |
| 650 | 0 | 7 |
_aslovenská poézia _2SNKPH |
| 655 | 7 |
_amonografie _2SNKPH |
|
| 700 | 1 |
_aŠtevček, Ján, _d1929-1996 _4edt |
|
| 700 | 1 |
_aNemsilová, Emília, _d1932- _4edt |
|
| 700 | 1 |
_aLiba, Peter, _d1931-2020 _4oth |
|
| 700 | 1 |
_aMinárik, Jozef, _d1922-2008 _4aut |
|
| 830 | 0 | _aOkno | |
| 910 | _asnk | ||
| 942 |
_2ddc _cOLDO _n0 |
||
| 949 |
_62889028506 _asavukS 71013 |
||
| 949 |
_62889023470 _asavukS 112688 |
||
| 949 |
_6273K0270602 _asvkpoA 105304/I _bsvkpo242010 _pW 464 _rPoškodená - zatečená _s6719:20240213 |
||
| 949 |
_6273K0270603 _asvkpoA 105304/Ia _bsvkpo242011 |
||
| 949 |
_6273K0270610 _asvkpoA 105304/Ib _bsvkpo242012 |
||
| 949 |
_6273K0270605 _asvkpoA 105304/Ic _bsvkpo242013 |
||
| 949 |
_6273K0270619 _asvkpoA 105304/Id _bsvkpo242014 |
||
| 949 |
_63869A03188 _abpksh885.4.82(091) _bbpksh28136 |
||
| 949 |
_63830001044658 _akurukO7.5/232 _bkuruk2010/F3957 _oz ŠVK Prešov |
||
| 949 |
_63830001052651 _akurukMSD82/16 _bkuruk2010/F8629 |
||
| 949 |
_63869A03187 _abpksh885.4.82(091) _bbpksh28137 |
||
| 949 |
_617A0055951 _9P60, <04>, [BOOK], {604} _asnkSC 40130/1 D1 |
||
| 949 |
_617A0113068 _9snkKRC/1 885.4(091) _asnkSC 40130/1 D2 _bsnkK 467/77 |
||
| 949 |
_617A0225910 _asnkSC 40130/1 _bsnkKSP 489/77 _s6100:20220426 |
||
| 949 |
_63830001014025 _akurukO7.5/232 |
||
| 949 |
_63830001080739 _akurukO7.5/232 _bkuruk2013/F6308 |
||
| 949 |
_6270001000059451 _asvkbbA 9272-1b _bsvkbbm 321806 _p321.806 |
||
| 949 |
_6270001000083550 _asvkbbA 9272-1e _bsvkbbm 322589 _p322.589 |
||
| 949 |
_6270001000083673 _asvkbbA 9272-1c _bsvkbbm 321807 _p321.807 |
||
| 949 |
_6270001000083831 _asvkbbA 9272-1f _bsvkbbm 341555 _p341.555 |
||
| 949 |
_6270001000086557 _asvkbbA 9272-1a _bsvkbbm 321805 _p321.805 |
||
| 949 |
_6270001000249640 _asvkbbA 9272-1 _bsvkbbm 321804 _p321.804 |
||
| 949 |
_6270001000083824 _asvkbbA 9272-1d _bsvkbbm 321808 _p321.808 |
||
| 999 |
_c22712 _d22712 |
||